00518nam a2200145 a 450000500170000000800410001702000150005805000240007310000280009724501250012526000670025030000210031752100080033865000260034620140310183145.0021106s19uu xx 00 eng d a9711501457 aLC 241b.Sa194 1997 aSan Mateo, Rosalinda A. aFoundations of education II :cRosalinda A. San Mateo.bhistorical, philosophical, and legal foundations of educations / aQuezon City, Philippines :bKatha Publishing Co., Inc.,c1997. a111 p. :c27 cm. aEDU aEducationxPhilosophy